Răng trẻ em : Dùng cho sinh viên răng hàm mặt

Răng trẻ em, trong thời kỳ đầu, thường chủ yếu chỉ thực hiện các kỹ thuật liên quan đến nhổ răng và trám răng. Hiện nay, xu hướng đã chuyển từ nhổ răng sang điều tri bảo tồn và can thiệp dự phòng. Khái niệm răng trẻ em hiện đại và xu hu...

Cijeli opis

Spremljeno u:
Bibliografski detalji
Glavni autor: Võ Trương Như Ngọc (Chủ biên)
Format: Knjiga
Jezik:Vietnamese
Izdano: H Giáo dục Việt Nam 2015
Izdanje:Tái bản lần thứ nhất có sửa chữa
Teme:
Oznake: Dodaj oznaku
Bez oznaka, Budi prvi tko označuje ovaj zapis!
Thư viện lưu trữ: Thư viện Trường Đại học Nam Cần Thơ
LEADER 01498nam a22002177a 4500
001 NCT_29066
008 180412b xxu||||| |||| 00| 0 vie d
999 |c 1397  |d 1397 
020 |a 9786040065698  |c 145000 
082 0 4 |2 23rd ed.  |a 617.645  |b Ng419 
100 1 |a Võ Trương Như Ngọc  |e Chủ biên 
245 1 |a Răng trẻ em  |b : Dùng cho sinh viên răng hàm mặt  |c Võ Trương Như Ngọc 
250 |a Tái bản lần thứ nhất có sửa chữa 
260 |a H  |b Giáo dục Việt Nam  |c 2015 
300 |a 307tr.  |b minh họa  |c 27cm 
520 3 |a Răng trẻ em, trong thời kỳ đầu, thường chủ yếu chỉ thực hiện các kỹ thuật liên quan đến nhổ răng và trám răng. Hiện nay, xu hướng đã chuyển từ nhổ răng sang điều tri bảo tồn và can thiệp dự phòng. Khái niệm răng trẻ em hiện đại và xu hướng phát triển hiện nay là những can thiệp dự phòng và nha khoa can thiệp tối thiểu. 
653 |a Y đa khoa 
942 |2 ddc  |c BK 
952 |0 0  |1 0  |2 ddc  |4 0  |6 617_645000000000000_NG419  |7 0  |9 6839  |a 000001  |b 000001  |d 2018-04-12  |o 617.645 Ng419  |p MD.11063  |r 2018-04-12  |v 145000.00  |w 2018-04-12  |y BK 
952 |0 0  |1 0  |2 ddc  |4 0  |6 617_645000000000000_NG419  |7 0  |9 6840  |a 000001  |b 000001  |d 2018-04-12  |o 617.645 Ng419  |p MD.11064  |r 2018-04-12  |v 145000.00  |w 2018-04-12  |y BK 
980 |a Thư viện Trường Đại học Nam Cần Thơ